[Event "Augustow op"]
[Site "Augustow"]
[Date "2007.08.25"]
[Round "2.7"]
[White "Bernacki, Gabriel"]
[Black "Raczynski, Milosz"]
[Result "0-1"]
[WhiteElo "1884"]
[BlackElo "1582"]
[PlyCount "80"]
[EventDate "2007.08.24"]
[EventType "swiss"]
[EventRounds "9"]
[EventCountry "POL"]
[SourceTitle "EXT 2023"]
[Source "ChessBase"]
[SourceDate "2022.10.05"]
[SourceVersion "1"]
[SourceVersionDate "2022.10.05"]
[SourceQuality "1"]

1. e4 c5 2. Nc3 d6 3. f4 e6 4. Nf3 Nc6 5. Bb5 Qc7 6. 0-0 Nge7 7. a3 a6 8. Bc4 b5 9. Ba2 g6 10. d3 Bg7 11. Qe1 0-0 12. Qh4 Nd4 13. f5 Nxf3+ 14. Rxf3 exf5 15. Bg5 fxe4 16. Nxe4 Nf5 17. Qe1 Bxb2 18. Rh3 Bd4+ 19. Kf1 Bb7 20. g4 Bxe4 21. dxe4 Ng7 22. Qh4 h5 23. Bf6 Bxf6 24. Qxf6 Qd8 25. Qxg6 c4 26. Qh6 Qd7 27. Rg3 hxg4 28. Rd1 Qe6 29. Rxd6 Qxe4 30. Qd2 Rfe8 31. Rd4 Qh1+ 32. Rg1 Qf3+ 33. Qf2 Qxf2+ 34. Kxf2 f5 35. h3 Rad8 36. c3 Rxd4 37. cxd4 gxh3 38. Rh1 Re4 39. Rxh3 Rxd4 40. Bb1 Rd1 0-1

[Event "POL-ch U14"]
[Site "Turawa"]
[Date "2007.05.01"]
[Round "7"]
[White "Ancuta, Adam"]
[Black "Raczynski, Milosz"]
[Result "1-0"]
[WhiteElo "1817"]
[BlackElo "1563"]
[PlyCount "142"]
[EventDate "2007.04.27"]
[EventType "swiss"]
[EventRounds "10"]
[EventCountry "POL"]
[SourceTitle "EXT 2011"]
[Source "ChessBase"]
[SourceDate "2010.11.26"]
[SourceVersion "1"]
[SourceVersionDate "2010.11.26"]
[SourceQuality "1"]

1. e4 c5 2. Nf3 d6 3. d4 cxd4 4. Nxd4 Nf6 5. Nc3 a6 6. f3 e5 7. Nb3 h5 8. Bg5 Be7 9. Qd2 Be6 10. 0-0-0 Nbd7 11. Kb1 Rc8 12. g3 g6 13. h4 Kf8 14. Nd5 Nxd5 15. exd5 Bxg5 16. hxg5 Bf5 17. Rc1 Kg7 18. Bh3 Bxh3 19. Rxh3 Qc7 20. Rf1 Qc4 21. Rd1 b6 22. Rh4 Qc7 23. f4 Nc5 24. fxe5 Nxb3 25. axb3 dxe5 26. d6 Qd7 27. Qe3 Rhe8 28. Re4 Re6 29. Rc4 Rxc4 30. bxc4 Qd8 31. Qe4 Kh7 32. Qc6 e4 33. Qb7 Rxd6 34. Qxf7+ Kh8 35. Rxd6 Qxd6 36. Qe8+ Kg7 37. Qxe4 a5 38. Qd3 Qc7 39. Qd4+ Kh7 40. Qd5 Kg7 41. Qe6 Kh7 42. Qf6 Qa7 43. Qf8 Qg7 44. Qd6 Qa7 45. Qc6 Kg7 46. Ka2 Kh7 47. Kb3 Qb8 48. Qf3 Qc7 49. c3 Kg7 50. Qf6+ Kh7 51. Qf8 Qc6 52. Qf7+ Kh8 53. Qd5 Qc7 54. Ka4 Qxg3 55. Qd8+ Kh7 56. Qe7+ Kg8 57. Qe6+ Kg7 58. Qf6+ Kh7 59. Qf7+ Kh8 60. Qf8+ Kh7 61. Qh6+ Kg8 62. Qxg6+ Kf8 63. Qh6+ Ke7 64. Qxh5 Qg1 65. Qh7+ Kd8 66. Qg8+ Kc7 67. Qf7+ Kb8 68. Qf8+ Ka7 69. b3 Qxg5 70. c5 bxc5 71. Kb5 Kb7 1-0

[Event "Suwalki Vacation op"]
[Site "Suwalki"]
[Date "2007.01.31"]
[Round "7.2"]
[White "Raczynski, Milosz"]
[Black "Poswiatowski, Stanislaw"]
[Result "1-0"]
[WhiteElo "1585"]
[BlackElo "1800"]
[PlyCount "55"]
[EventDate "2007.01.29"]
[EventType "tourn"]
[EventRounds "9"]
[EventCountry "POL"]
[SourceTitle "EXT 2023"]
[Source "ChessBase"]
[SourceDate "2022.10.05"]
[SourceVersion "1"]
[SourceVersionDate "2022.10.05"]
[SourceQuality "1"]

1. e4 e6 2. d4 d5 3. exd5 exd5 4. Nf3 Nf6 5. Bd3 h6 6. h3 Bd6 7. 0-0 Be6 8. Be3 Qd7 9. Nbd2 g5 10. Re1 Nc6 11. c3 0-0-0 12. b4 g4 13. hxg4 Bxg4 14. Qa4 Kb8 15. Rab1 Bf5 16. Bxf5 Qxf5 17. Nb3 Rdg8 18. Ne5 Ne4 19. Nxc6+ bxc6 20. Qa6 Qh3 21. Kf1 Qxg2+ 22. Ke2 Nxc3+ 23. Kd3 Nxb1 24. Na5 Qe4+ 25. Ke2 Nc3+ 26. Kd2 Nb1+ 27. Kc1 Qxe3+ 28. fxe3 1-0

[Event "Suwalki Vacation op"]
[Site "Suwalki"]
[Date "2007.01.30"]
[Round "3.4"]
[White "Raczynski, Milosz"]
[Black "Galaszewski, Patryk"]
[Result "1/2-1/2"]
[WhiteElo "1585"]
[BlackElo "1800"]
[PlyCount "50"]
[EventDate "2007.01.29"]
[EventType "tourn"]
[EventRounds "9"]
[EventCountry "POL"]
[SourceTitle "EXT 2023"]
[Source "ChessBase"]
[SourceDate "2022.10.05"]
[SourceVersion "1"]
[SourceVersionDate "2022.10.05"]
[SourceQuality "1"]

1. e4 d5 2. exd5 Qxd5 3. d4 Nf6 4. Nf3 Bg4 5. Be2 c6 6. Nc3 Qa5 7. h3 Bxf3 8. Bxf3 Nbd7 9. 0-0 e6 10. Bf4 Bb4 11. Ne4 Nxe4 12. Bxe4 Nf6 13. Bd3 Qd8 14. c3 Bd6 15. Bg5 Be7 16. Qc2 h6 17. Bh4 Bd6 18. b4 g5 19. Bg3 Qc7 20. a4 Nh5 21. Bxd6 Qxd6 22. g3 Nxg3 23. fxg3 Qxg3+ 24. Kh1 Qxh3+ 25. Kg1 Qg3+ 1/2-1/2

[Event "Suwalki-ch op"]
[Site "Suwalki"]
[Date "2006.12.30"]
[Round "8"]
[White "Raczynski, Milosz"]
[Black "Zochowski, Wieslaw"]
[Result "1-0"]
[WhiteElo "1585"]
[BlackElo "1880"]
[PlyCount "83"]
[EventDate "2006.12.27"]
[EventType "tourn"]
[EventRounds "9"]
[EventCountry "POL"]
[SourceTitle "EXT 2023"]
[Source "ChessBase"]
[SourceDate "2022.10.05"]
[SourceVersion "1"]
[SourceVersionDate "2022.10.05"]
[SourceQuality "1"]

1. e4 e5 2. Nf3 Nc6 3. Bb5 a6 4. Ba4 Nf6 5. Qe2 b5 6. Bb3 d6 7. h3 Be7 8. 0-0 0-0 9. c3 Na5 10. Bc2 c5 11. Re1 Qc7 12. d4 cxd4 13. cxd4 Bb7 14. d5 Rac8 15. Bd3 h6 16. b3 Rb8 17. Be3 Bc8 18. Rc1 Qd7 19. Nbd2 Bd8 20. Rc2 Bb6 21. Rac1 Bxe3 22. Qxe3 Ne8 23. b4 Nc4 24. Nxc4 bxc4 25. Rxc4 Bb7 26. a3 Rc8 27. Rxc8 Bxc8 28. Qb6 Qb7 29. Rc6 f5 30. Qxb7 Bxb7 31. Rb6 fxe4 32. Bxe4 Rf7 33. Bg6 Bxd5 34. Bxf7+ Bxf7 35. Rxa6 Bc4 36. Ra8 Kf7 37. a4 Nf6 38. b5 Nd5 39. Rc8 Be2 40. Rc6 Ke6 41. b6 Kd7 42. b7 1-0

[Event "Augustow op"]
[Site "Augustow"]
[Date "2004.??.??"]
[Round "6"]
[White "Buzun, Michal"]
[Black "Raczynski, Milosz"]
[Result "1-0"]
[WhiteElo "2000"]
[BlackElo "1800"]
[PlyCount "77"]
[EventDate "2004.08.??"]
[EventType "swiss"]
[EventRounds "9"]
[EventCountry "POL"]
[SourceTitle "EXT 2008"]
[Source "ChessBase"]
[SourceDate "2007.11.25"]
[SourceVersion "1"]
[SourceVersionDate "2007.11.25"]
[SourceQuality "1"]

1. e4 c5 2. Nf3 d6 3. d4 cxd4 4. Nxd4 Nf6 5. Nc3 a6 6. Bd3 e6 7. Bg5 Be7 8. 0-0 e5 9. Nb3 Be6 10. Re1 Nbd7 11. Qe2 h6 12. Bh4 Nh7 13. Bxe7 Qxe7 14. Bc4 0-0 15. Rad1 Rad8 16. Nd5 Bxd5 17. Bxd5 b5 18. Na5 Rc8 19. Bb7 Rb8 20. Nc6 Qg5 21. Nxb8 Rxb8 22. Bxa6 Rb6 23. Bxb5 Nc5 24. Bc4 Nf6 25. f3 Nh5 26. Qd2 Qg6 27. b3 Nf4 28. Kh1 Nd7 29. a4 Nf6 30. a5 Rb7 31. a6 Ra7 32. g3 Nh3 33. Qxd6 Nf2+ 34. Kg2 Nxd1 35. Qb8+ Kh7 36. Qxa7 Nc3 37. Qxf7 Qg5 38. Rf1 Nh5 39. Qf5+ 1-0

[Event "Augustow op"]
[Site "Augustow"]
[Date "2004.??.??"]
[Round "2"]
[White "Grzesiak, Filip"]
[Black "Raczynski, Milosz"]
[Result "1-0"]
[WhiteElo "1800"]
[BlackElo "1800"]
[PlyCount "75"]
[EventDate "2004.08.??"]
[EventType "swiss"]
[EventRounds "9"]
[EventCountry "POL"]
[SourceTitle "EXT 2008"]
[Source "ChessBase"]
[SourceDate "2007.11.25"]
[SourceVersion "1"]
[SourceVersionDate "2007.11.25"]
[SourceQuality "1"]

1. d4 d5 2. Nf3 Nc6 3. c4 e6 4. e3 Nf6 5. Nc3 Bb4 6. a3 Bxc3+ 7. bxc3 Ne4 8. Qc2 0-0 9. Bd3 Nf6 10. 0-0 Re8 11. cxd5 Qxd5 12. c4 Qh5 13. Bb2 b6 14. Be2 Bb7 15. Rac1 Ne7 16. Rcd1 Be4 17. Qd2 Nf5 18. d5 Qg6 19. Bxf6 gxf6 20. g3 Kh8 21. Qc3 e5 22. Rd2 Rg8 23. Rfd1 Qh6 24. c5 Qh3 25. Bf1 Qg4 26. Ne1 Nh4 27. Be2 Qh3 28. Bf1 Qf5 29. Be2 Rg7 30. d6 Qd7 31. cxb6 Rag8 32. dxc7 Qh3 33. Rd8 Ng2 34. Bf1 Qxh2+ 35. Kxh2 Nxe1 36. Rxg8+ Rxg8 37. Qxe1 Rg5 38. Bg2 1-0

[Event "Augustow op"]
[Site "Augustow"]
[Date "2004.??.??"]
[Round "4"]
[White "Prazmowski, Bartosz"]
[Black "Raczynski, Milosz"]
[Result "1-0"]
[WhiteElo "1800"]
[BlackElo "1800"]
[PlyCount "79"]
[EventDate "2004.08.??"]
[EventType "swiss"]
[EventRounds "9"]
[EventCountry "POL"]
[SourceTitle "EXT 2008"]
[Source "ChessBase"]
[SourceDate "2007.11.25"]
[SourceVersion "1"]
[SourceVersionDate "2007.11.25"]
[SourceQuality "1"]

1. d4 d5 2. c4 e6 3. Nc3 Nf6 4. Bg5 Nbd7 5. e3 c6 6. Nf3 Qa5 7. c5 b6 8. Bxf6 Nxf6 9. Ne5 Bb7 10. Qb3 Rb8 11. cxb6 axb6 12. Qa4 Bb4 13. Qxa5 Bxa5 14. f3 c5 15. Bb5+ Kf8 16. Rb1 g6 17. a3 Bxc3+ 18. bxc3 c4 19. Kf2 Kg7 20. a4 Rhc8 21. g4 h6 22. h4 Ra8 23. g5 hxg5 24. hxg5 Nh7 25. Nd7 Rc7 26. Nxb6 Rd8 27. f4 Bc6 28. Bxc6 Rxc6 29. a5 f6 30. a6 Rc7 31. Na4 fxg5 32. Nc5 Ra7 33. Nxe6+ Kg8 34. Nxd8 gxf4 35. Rb7 Rxa6 36. Rhxh7 fxe3+ 37. Kxe3 Ra3 38. Rbg7+ Kf8 39. Ne6+ Ke8 40. Re7# 1-0

[Event "Augustow op"]
[Site "Augustow"]
[Date "2004.??.??"]
[Round "3"]
[White "Raczynski, Milosz"]
[Black "Pietruszewski, Marcin"]
[Result "0-1"]
[WhiteElo "1800"]
[BlackElo "1800"]
[PlyCount "138"]
[EventDate "2004.08.??"]
[EventType "swiss"]
[EventRounds "9"]
[EventCountry "POL"]
[SourceTitle "EXT 2008"]
[Source "ChessBase"]
[SourceDate "2007.11.25"]
[SourceVersion "1"]
[SourceVersionDate "2007.11.25"]
[SourceQuality "1"]

1. e4 c5 2. Nc3 a6 3. g3 e6 4. d3 Nc6 5. Nf3 Be7 6. Bg2 Qc7 7. Bf4 Bd6 8. Be3 b5 9. 0-0 Nge7 10. Qd2 0-0 11. h4 f5 12. exf5 Nxf5 13. Ne2 Bb7 14. Nf4 Nxe3 15. fxe3 Bxf4 16. exf4 Ne7 17. Rae1 Rac8 18. Re5 Rf5 19. Rfe1 Rcf8 20. Qc3 Nd5 21. Qd2 Ne7 22. Qf2 Rxe5 23. Rxe5 Rf5 24. Bh3 Rxe5 25. Nxe5 Qd6 26. Bg2 Nc6 27. Nxc6 Bxc6 28. Bxc6 Qxc6 29. Qg2 d5 30. Qe2 Qd6 31. Qe5 Qxe5 32. fxe5 Kf7 33. Kf2 Kg6 34. g4 h6 35. Kf3 Kf7 36. Kf4 g6 37. g5 h5 38. Ke3 Ke7 39. d4 c4 40. b3 Kd7 41. Kd2 Kc6 42. Kc3 a5 43. Kb2 Kb6 44. Ka3 b4+ 45. Ka4 cxb3 46. cxb3 Ka6 47. a3 bxa3 48. Kxa3 Kb5 49. Ka2 Kb4 50. Kb2 a4 51. bxa4 Kxa4 52. Kc3 Ka3 53. Kd3 Kb3 54. Ke3 Kc3 55. Kf3 Kxd4 56. Kf4 Kd3 57. Kf3 d4 58. Kf4 Ke2 59. Ke4 d3 60. Kd4 d2 61. Kc5 d1Q 62. Kc6 Qd5+ 63. Kb6 Kd3 64. Kc7 Kc4 65. Kb6 Kb4 66. Ka7 Kb5 67. Kb8 Qd7 68. Ka8 Kb6 69. Kb8 Qb7# 0-1